Alyson Stoner Filmography - Statistics

General Stats
  • This quiz has been taken 18 times
    2 since last reset
  • The average score is 33 of 80
Answer Stats
Type Year Name % Correct
TV Film 2008 Camp Rock
100%
TV Film 2010 Camp Rock 2: The Final Jam
100%
TV Show 2007-2015, 2024-Present Phineas and Ferb
100%
Video Game 2011 Phineas and Ferb: Across the 2nd Dimension
100%
TV Film 2011 Phineas and Ferb the Movie: Across the 2nd Dimension
100%
TV Show 2014 The Legend of Korra
100%
Web Series 2017 Voltron: Legendary Defender
100%
Film 2007 Alice Upside Down
50%
TV Show 2006 All Grown Up!
50%
Film 2003 Cheaper by the Dozen
50%
Film 2005 Cheaper by the Dozen 2
50%
Documentary 2024 Child Star
50%
TV Show 2007 Disney's Really Short Report
50%
TV Show 2004 Drake & Josh
50%
TV Film 2014 Expecting Amish
50%
Film 2004 Garfield
50%
Web Series 2009 Ghost Town
50%
TV Show 2022-2025 Hamster & Gretel
50%
TV Show 2016 Hitting the Breaks
50%
Film 2007 Holly Hobbie and Friends: Best Friends Forever
50%
Film 2006 Holly Hobbie and Friends: Christmas Wishes
50%
Film 2007 Holly Hobbie and Friends: Secret Adventures
50%
TV Special 2006 Holly Hobbie and Friends: Surprise Party
50%
Film 2015 Hoovey
50%
TV Show 2010 House
50%
Film 2015 Huevos: Little Rooster's Egg-cellent Adventure
50%
TV Show 2004 I'm with Her
50%
Commercial 2004 JC Penney
50%
TV Show 2006 Joey
50%
TV Show 2008 Jonas Brothers: Living the Dream
50%
Video Game 2009 Kingdom Hearts 358/2 Days
50%
Video Game 2008 Kingdom Hearts: Chain of Memories
50%
Video Game 2019 Kingdom Hearts III
50%
Film 2010 Kung-Fu Magoo
50%
Film 2019 LEGO DC Batman: Family Matters
50%
TV Show 2004, 2005, 2006 Lilo & Stitch: The Series
50%
TV Show 2014 Major Crimes
50%
TV Show 2001-2007 Mike's Super Short Show
50%
TV Show 2016-2019 Milo Murphy's Law
50%
Web Series 2017-2022 Pete the Cat
50%
Film 2020 Phineas and Ferb the Movie: Candace Against the Universe
50%
Web Series 2016 Roommates
50%
Film 2006 Step Up
50%
Film 2010 Step Up 3D
50%
Film 2014 Step Up: All In
50%
TV Film 2015 Sugarbabies
50%
Film 2015 Summer Forever
50%
Film 2013 Super Buddies
50%
TV Show 2010-2011 Take Two with Phineas and Ferb
50%
TV Show 2005 That's So Raven
50%
Film 2015 The A-List
50%
TV Mini-Series 2008 The Disney Channel Games
50%
Film 2011 The Little Engine That Could
50%
TV Show 2019-Present The Loud House
50%
TV Show 2005-2007 The Suite Life of Zack & Cody
50%
Film 2018 To the Beat!
50%
TV Show 2006 W.I.T.C.H.
50%
TV Show 2011-2013, 2019-2021 Young Justice
50%
Commercial 2008 Zaxby's
50%
TV Show 2010-2011 3-Minute Game Show
0%
Short Film 2014 B***hes Be Crazy
0%
TV Short 2008 Camp Rock Freestyle Jam
0%
TV Show 2006 Dance Revolution
0%
TV Show 2008-2011 Disney 365
0%
Film 2023 Howdy, Neighbor!
0%
TV Show 2005 I Married a Princess
0%
Film 2019 Izzy Got the Frizzies
0%
Short Film 2016 Kadence
0%
Video Game 2013 Kingdom Hearts HD 1.5 Remix
0%
Video Game 2017 Kingdom Hearts HD 2.8 Final Chapter Prologue
0%
Video Game 2020 Kingdom Hearts: Melody of Memory
0%
Podcast 2020 Listen Out Loud Podcast
0%
Commercial 2019 Lysol
0%
Film 2018 Mr. Invincible
0%
Commercial 2019 Pepsi
0%
TV Show 2003 Saturday Night Live
0%
Film 2009 The Alsyon Stoner Project
0%
TV Show 2004 The Batman
0%
TV Show 2012 The Flipside
0%
Web Series 2022 The Guardians of Justice (Will Save You!)
0%
No matching quizzes found
Score Distribution
Percent of People with Each Score
Percentile by Number Answered
Your Score History
You have not taken this quiz since the last reset